000
00268nam a2200097Ia 4500
082
_a
128|VERS
245
0
_a
Our selves
100
_a
VERSFELD, Marthinus Pretoria [South Africa], 2010 2nd ed
_9
47732
942
_c
BK
008
210817s9999 xx 000 0 und d
999
_c
155861
_d
155863